000
00308nam a22001337a 4500
008
181031b xxu||||| |||| 00| 0 eng d
020
_a
0721656471
041
_a
eng
080
_2
4th
_a
616.12
100
_a
7
101
_a
KAR
245
_a
Electrocardiography in Clinical Practice
_c
Chou
942
_2
udc
_c
BK
999
_c
51301
_d
51301